000
00296nam a22001337a 4500
003
SGT
082
_a
618.92
_b
C110G
100
_a
GLASPER, ALAN
245
_a
TB. OF CHILDREN'S AND YOUNG PEOPLE'S NURSING
250
_a
2ND
260
_a
UK
_b
ELSEVIER
_c
2010
300
_a
762
942
_2
ddc
_c
BK
999
_c
15211
_d
15211